الوجوه والنظائر : (Record no. 14387)
[ view plain ]
| 000 -الفاتح | |
|---|---|
| حقل البيانات ثابتة الطول | 01428nam a22002057a 4500 |
| 008 - عناصر البيانات ثابتة الطول - معلومات عامة | |
| حقل البيانات ثابتة الطول | 100706s1996 ua|||||r|||| 001 0 ara d |
| 082 ## - رقم تصنيف ديوى العشرى | |
| رقم الطبعة | 22 |
| رقم التصنيف | 224 |
| رقم المادة | د ا م |
| 100 ## - المدخل الرئيسى - إسم شخصى | |
| 9 (RLIN) | 15937 |
| الإسم الشخصى | الدامغاني، الحسين بن محمد |
| التواريخ المصاحبة للاسم | 398-478 ه |
| الشكل الأكمل للاسم | أبو عبد الله الحسين بن محمد الدامغاني |
| 245 ## - بيان العنوان | |
| العنوان | الوجوه والنظائر : |
| بقية العنوان | لألفاظ كتاب الله العزيز / |
| بيان المسئوليه,etc | أبي عبد الله الحسين بن محمد الدامغاني؛ حققه وقدم له محمد حسن أبو العزم الزفيتي |
| 260 ## - PUBLICATION, DISTRIBUTION, ETC. (IMPRINT) | |
| مكان الناشر او الموزع | القاهرة : |
| اسم الناشر او الموزع | وزارة الاوقاف، المجلس الأعلى للشئون الاسلامية، لجنة احياء التراث، 1996 |
| تاريخ النشر أو التوزيع | 1996 |
| 300 ## - الوصف المادى | |
| التعداد | 2 مج ؛ |
| أبعاد الوعاء | 27 سم |
| 500 ## - تبصرة عامة | |
| تبصرة عامة | يشتمل على فهارس |
| 541 ## - تبصرة المصدر المباشر للتزويد | |
| مصدر التزويد | ألف باء؛ |
| طريقة التزويد | شراء ؛ |
| 650 ## - المدخل الاضافى بالموضوع-مصطلح موضوعى | |
| 9 (RLIN) | 14883 |
| مصطلح موضوعي أو اسم جغرافي كعنصر مدخل | القرآن |
| التقسيم الفرعي العام | ألفاظ |
| 650 ## - المدخل الاضافى بالموضوع-مصطلح موضوعى | |
| 9 (RLIN) | 14884 |
| مصطلح موضوعي أو اسم جغرافي كعنصر مدخل | القرآن، علوم |
| 700 ## - المدخل الاضافى - اسم شخصى | |
| 9 (RLIN) | 15939 |
| الإسم الشخصى | الزفيتي، محمد حسن أبو العزم |
| الدور | محقق ومقدم |
| 942 ## - عناصر المدخل الإضافي( كوها) | |
| مصدر التصنيف او مخطط الترفيف | Dewey Decimal Classification |
| Koha [default] item type | Book - Borrowing |
| حالة التراجع | حالة الفقد | مصدر التصنيف او خطة الترفيف | حالة تلف | ليس للاعارة | مجموعات كوها | المكان الدائم | المكان الحالي | موقع الترفيف | تاريخ الاكتساب | Source of acquisition | رقم الاستدعاء | الباركود | Date last seen | نوع الوعاء | تبصرة عامة | مُعار |
|---|---|---|---|---|---|---|---|---|---|---|---|---|---|---|---|---|
| Dewey Decimal Classification | Alef-Baa | Central Library | Central Library | Lower Floor | 06/07/2010 | 224 د ا م | 000025051 | 15/07/2025 | Book - Borrowing | ج1 | ||||||
| Dewey Decimal Classification | Baccah | Central Library | Central Library | Lower Floor | 06/07/2010 | 224 د ا م | 000025052 | 15/07/2025 | Book - Borrowing | ج2 | 23/11/2011 |